000 00886nas a2200301 4500
001 BR2011003013
003 BR-BrBNA
005 20231205115004.0
007 ta
008 230509b bl.|||p| |||| 00| 00por d
040 _aBR-BrBNA
_bpor
_cBiblioteca Nacional de Agricultura
041 _a(En)
072 _aH20
100 1 _aReis, A.
100 1 _aNascimento, W.M.
245 1 _aNew apiaceous hosts of Sclerotinia sclerotiorum in the cerrado region of Brazil
650 _aSALSA
650 _aCOENTRO
650 _aMANDIOQUINHA-SALSA
650 _aMOFO BRANCO
650 _aDOENÇA FÚNGICA
650 _aSCLEROTINIA SCLEROTIORUM
650 _aCENOURA
650 _aINOCULAÇÃO
773 0 _tHorticultura Brasileira (Brazil)
_xISSN 0102-0536
_g(Jan-Mar 2011), v. 29(1) p. 122-124
_wBR2011003013
909 _a202311
_bLúcia
_c55
_dLúcia Elande
942 _2AGRIS
_n0
_cANA
999 _c211564
_d211564